[Event "Summer Chess Classic-C 2019"]
[Site "Saint Louis"]
[Date "2019.06.18"]
[Round "1.1"]
[White "Jacobson, Brandon"]
[Black "Chirila, Ioan-Cristian"]
[Result "1-0"]
[WhiteElo "2486"]
[BlackElo "2561"]
[Annotator "TA"]
[PlyCount "51"]
[EventDate "2019.06.18"]
[EventType "tourn"]
[EventCountry "USA"]
[SourceTitle "playchess.com"]
[Source "ChessBase"]
[SourceQuality "1"]

{[%evp 19,51,32,34,2,16,11,27,33,19,23,62,64,67,57,58,63,71,77,54,73,61,71,91,79,106,-40,750,729,922,897,29986,29987,29986,29986]} 1. d4 Nf6 2. c4 g6 3. Nc3 d5 4. cxd5 Nxd5 5. e4 Nxc3 6. bxc3 Bg7 7. Nf3 c5 8. Rb1 O-O 9. Be2 b6 10. O-O Bb7 11. d5 {D85: Exchange Grünfeld: Unusual White 7th moves and lines with 7 Nf3} Bxc3 12. h4 Qd6 (12... Nd7 13. Bf4 Bg7 14. Bc4 Qc8 15. e5 Ba6 16. Qe2 Bxc4 17. Qxc4 Qb7 18. h5 Rae8 19. hxg6 hxg6 {1-0 (38) Grischuk,A (2766)-Nepomniachtchi,I (2757) chess.com INT 2018}) 13. h5 {White has an edge.} Nd7 14. Rb3 {[%cal Bb1b3,Bb3h3,Bh3h4][%mdl 32]} Bg7 $146 ({Predecessor:} 14... Bf6 15. hxg6 hxg6 16. Qd2 Rfc8 17. Bc4 b5 18. Bxb5 c4 19. Rb1 c3 20. Qc2 Ba6 21. Bxd7 Qxd7 22. Re1 Bg7 23. Bf4 Bb5 24. Ne5 {½-½ (24) Konstantinov,M (2216)-Krueger,H (2137) LSS email 2013}) 15. hxg6 $1 hxg6 16. Ng5 $1 Nf6 17. Rh3 {[%mdl 1024] White has compensation.} Rad8 18. Qc2 Bc8 19. Rh4 e5 20. Qb3 Rfe8 21. f4 Re7 22. Qg3 (22. a4 $16) 22... c4 $2 {[%mdl 8192]} (22... exf4 $15 23. Bxf4 Nxe4 24. Nxe4 (24. Bxd6 Nxg3 {[%mdl 64] Discovered Attack} 25. Bxe7 Nxe2+ 26. Kf2 Re8 $15) 24... Qxd5 {[%mdl 64] Double Attack}) 23. Ba3 $18 {[%mdl 64] [#] Skewer} Qd7 24. fxe5 Nxd5 25. Qh2 f6 26. exf6 {Accuracy: White = 65%, Black = 50%.} 1-0

[Event "Summer Chess Classic-C 2019"]
[Site "Saint Louis"]
[Date "2019.06.18"]
[Round "1.2"]
[White "Gordievsky, Dmitry"]
[Black "Hakobyan, Aram"]
[Result "1/2-1/2"]
[WhiteElo "2592"]
[BlackElo "2559"]
[Annotator "TA"]
[PlyCount "70"]
[EventDate "2019.06.18"]
[EventType "tourn"]
[EventCountry "USA"]
[SourceTitle "playchess.com"]
[Source "ChessBase"]
[SourceQuality "1"]

{[%evp 16,70,25,0,0,0,18,17,26,27,28,39,35,30,33,14,12,12,24,24,36,4,18,16,63,56,46,60,49,20,33,22,58,-8,-6,-18,-27,-16,-10,-27,-30,-34,-23,-33,7,0,0,-1,0,0,0,0,0,0,0,0,0]} 1. Nf3 d5 2. g3 g6 3. Bg2 Bg7 4. d4 Nf6 5. c4 c6 6. O-O O-O 7. Qb3 Qb6 8. Nc3 Bf5 9. h3 {[%cal Rc4d5]} Rd8 {D78: Fianchetto Grünfeld: 6 0-0 c6} 10. Re1 (10. Bf4 Na6 11. Qxb6 axb6 12. cxd5 Nxd5 13. Nxd5 Rxd5 14. Be5 Bxe5 15. dxe5 Be4 16. Rfd1 Bxf3 17. Bxf3 Rxe5 {0-1 (68) Li,C (2732)-Vachier Lagrave,M (2789) Riadh 2017}) 10... Ne4 11. g4 Qxb3 $146 ({Predecessor:} 11... Be6 12. Bf4 Na6 13. Qxb6 axb6 14. cxd5 cxd5 15. Rec1 Rdc8 16. Ng5 Nxg5 17. Bxg5 Bxd4 18. Nxd5 Bxd5 19. Bxd5 {1-0 (42) Sasikiran,K (2666)-Aakash,G (2343) Jalgaon 2013}) 12. axb3 Nxc3 13. bxc3 Be4 14. Ba3 e6 15. Nd2 {[#] Strongly threatening f3.} Bxg2 16. Kxg2 e5 17. e3 Nd7 18. f4 dxc4 19. fxe5 Nxe5 20. Re2 Nd7 21. Nxc4 c5 22. Bb2 b5 23. Na5 Re8 24. Nb7 (24. Nc6 $14) 24... b4 $11 {...bxc3 is the strong threat.} 25. Kf3 bxc3 26. Bxc3 Re6 (26... Reb8 $5 27. Na5 $8 Nf8 $11) 27. Rd1 Rb8 28. Na5 cxd4 29. exd4 Rb5 30. Rxe6 {The position is equal.} fxe6 31. Ke2 Nb6 32. Kd3 {[#]} Bxd4 $1 {[%mdl 512]} 33. Bxd4 {Threatens to win with Ra1.} Rxa5 34. Ke4 Rb5 35. Rc1 Nd5 {Accuracy: White = 55%, Black = 41%.} 1/2-1/2

[Event "Summer Chess Classic-C 2019"]
[Site "Saint Louis"]
[Date "2019.06.18"]
[Round "1.3"]
[White "Neiksans, Arturs"]
[Black "Moradiabadi, Elshan"]
[Result "1/2-1/2"]
[WhiteElo "2566"]
[BlackElo "2548"]
[Annotator "TA"]
[PlyCount "72"]
[EventDate "2019.06.18"]
[EventType "tourn"]
[EventCountry "USA"]
[SourceTitle "playchess.com"]
[Source "ChessBase"]
[SourceQuality "1"]

{[%evp 9,72,22,29,0,0,11,5,0,5,0,50,37,56,43,40,46,29,22,71,25,23,23,42,-27,-35,-42,-27,-29,-28,-27,-5,-18,-6,-22,-22,-30,-14,-29,-22,-21,-31,-24,-18,-25,0,-14,-12,-20,-13,-47,-30,-65,0,0,0,0,0,0,0,0,0,0,0,0,0]} 1. c4 e5 2. Nc3 Bb4 3. Nd5 Bc5 4. Nf3 c6 5. Nc3 d6 6. d4 {A21: English Opening: 1...e5 2 Nc3} exd4 7. Nxd4 Nf6 8. g3 Qb6 $146 ({Predecessor:} 8... O-O 9. Bg2 h6 10. O-O Nbd7 11. b3 Ne5 12. Bb2 Bb6 {½-½ (52) So,W (2765)-Praggnanandhaa,R (2530) Kolkata 2018}) 9. e3 Bg4 10. f3 Bh5 11. g4 Bg6 12. a3 Nbd7 13. Be2 Qd8 14. O-O h6 15. Kh1 O-O 16. Na4 ({White should try} 16. b4 $14 Bb6 17. e4) 16... Bxd4 17. exd4 d5 18. c5 Re8 19. Nc3 {[%cal Ba4c3,Bc3e2,Be2g3,Bg3f5][%mdl 32]} b6 20. b4 Qc7 21. Bd3 Nf8 22. Ra2 bxc5 23. bxc5 Qa5 24. Ne2 Bxd3 25. Qxd3 Rab8 26. Ng3 Qb5 27. Qxb5 Rxb5 28. Nf5 {[#] Black must now prevent Nd6.} Rb3 29. Kg2 Ne6 30. Rff2 Kf8 ({Better is} 30... Rd3 $15 31. Nd6 Rb8) 31. Rab2 $36 {[%mdl 2048] The position is equal. White has the initiative.} Reb8 32. Rxb3 Rxb3 33. Rb2 Rxb2+ 34. Bxb2 h5 35. h3 g6 36. Ne3 hxg4 {Accuracy: White = 57%, Black = 61%.} 1/2-1/2

[Event "Summer Chess Classic-C 2019"]
[Site "Saint Louis"]
[Date "2019.06.19"]
[Round "2.1"]
[White "Chirila, Ioan-Cristian"]
[Black "Moradiabadi, Elshan"]
[Result "1/2-1/2"]
[WhiteElo "2561"]
[BlackElo "2548"]
[Annotator "TA"]
[PlyCount "62"]
[EventDate "2019.06.18"]
[EventType "tourn"]
[EventCountry "USA"]
[SourceTitle "playchess.com"]
[Source "ChessBase"]
[SourceQuality "1"]

{[%evp 12,62,6,0,22,11,30,22,58,62,63,16,18,12,15,14,14,10,24,0,0,12,12,19,16,0,0,0,0,0,0,0,0,0,0,-13,-13,-13,-15,-15,-15,-15,-16,-16,-17,-17,-10,-10,-10,-10,0,0,0]} 1. Nf3 d5 2. g3 Nf6 3. Bg2 c5 4. O-O Nc6 5. d4 e6 6. b3 cxd4 7. Nxd4 Be7 {D02: 1 d4 d5 2 Nf3 sidelines, including 2...Nf6 3 g3 and 2...Nf6 3 Bf4} (7... Bc5 8. Nxc6 bxc6 9. c4 O-O 10. Qc2 Qe7 11. Nc3 Ba6 12. Bb2 Rfd8 13. Na4 Ba3 14. Rfd1 Rac8 15. Rac1 e5 {1-0 (67) Artemiev,V (2709)-Fridman,D (2633) St Petersburg 2018}) 8. Bb2 Nxd4 9. Qxd4 Qb6 10. Qxb6 $146 ({Predecessor:} 10. Qd1 O-O 11. Nd2 Rd8 12. e3 Bd7 13. Qe2 Rac8 14. c4 Qa5 15. Rfc1 b5 16. Bc3 Qb6 17. Bd4 Qa5 18. Bc3 Qb6 19. Bd4 {½-½ (19) Berend,E (2365)-Wagener,C (2215) Dudelange 1997}) 10... axb6 11. Nd2 b5 12. e4 O-O 13. Rfd1 b4 14. exd5 exd5 15. c3 bxc3 {The position is equal.} 16. Bxc3 Bf5 17. Nf1 Rfc8 18. Ne3 Rxc3 19. Nxf5 Bc5 20. Rac1 Rxc1 $1 21. Rxc1 b6 22. a4 Re8 23. a5 g6 24. axb6 Bxb6 25. Rc6 {[#]} Bxf2+ $1 {[%mdl 512]} 26. Kxf2 Ng4+ {[%mdl 64] Double Attack} 27. Kf1 {Hoping for h3.} gxf5 28. h3 Ne3+ 29. Kf2 Nxg2 30. Kxg2 Re3 31. b4 Rb3 {Accuracy: White = 75%, Black = 73%.} 1/2-1/2

[Event "Summer Chess Classic-C 2019"]
[Site "Saint Louis"]
[Date "2019.06.19"]
[Round "2.2"]
[White "Hakobyan, Aram"]
[Black "Neiksans, Arturs"]
[Result "1/2-1/2"]
[WhiteElo "2559"]
[BlackElo "2566"]
[Annotator "TA"]
[PlyCount "113"]
[EventDate "2019.06.18"]
[EventType "tourn"]
[EventCountry "USA"]
[SourceTitle "playchess.com"]
[Source "ChessBase"]
[SourceQuality "1"]

{[%evp 13,113,20,18,14,26,20,28,18,22,14,14,20,18,14,18,13,17,16,29,-31,16,-24,23,32,33,13,58,49,58,48,57,50,51,50,63,63,70,72,87,51,128,115,118,118,137,86,102,89,95,55,61,57,64,40,40,40,41,47,62,33,70,50,54,51,37,33,76,19,24,0,83,0,0,-29,5,16,8,0,0,0,0,0,8,8,8,0,0,0,0,0,0,0,0,0,0,0,0,0,0,0,0,0]} 1. e4 e5 2. Nf3 Nc6 3. Bc4 Bc5 4. c3 Nf6 5. d3 a6 6. O-O d6 7. a4 h6 8. Nbd2 {C54: Giuoco Piano: 4 c3 Nf6, main lines with 5 d4 and 5 d3} Ba7 9. Re1 O-O 10. h3 {White has an edge.} Be6 11. Bxe6 fxe6 12. b4 Nh5 13. Nf1 Qf6 14. Be3 Nf4 15. Kh2 Ne7 $146 ({Predecessor:} 15... Rf7) 16. d4 (16. Ra2 $11) 16... Neg6 {White must now prevent ...Nxg2!} 17. Ng1 {White wants to play g3.} Ne7 18. g3 {Threatens to win with dxe5.} Nfg6 19. dxe5 Nxe5 (19... Qxe5 {with more complications.} 20. Qd2 Bxe3 21. Qxe3 Qf6 22. f4 d5) 20. f4 Nf7 21. Ne2 e5 22. Bxa7 Rxa7 23. Ne3 Raa8 24. Qd3 h5 25. Rf1 Qe6 26. c4 Nh6 (26... h4 $1 $14) 27. f5 $16 Qf6 28. Nc3 Qg5 29. Ned5 ({White should try} 29. Ng2) 29... Nxd5 30. Nxd5 Rf7 31. Qe3 (31. Ne3 {looks sharper.} Raf8 32. Rf3 Kh7 33. a5 Ng8 34. g4) 31... Qxe3 32. Nxe3 Rd7 33. a5 Nf7 34. h4 Nh6 35. Kg2 Kf7 36. Rad1 Rad8 37. Rd2 Ng8 38. Kf3 Nf6 39. Nd5 Ng4 {[#]} 40. Ke2 (40. b5 $1 $16) 40... Nf6 41. Kf3 (41. Ke3 $11) 41... Ng4 42. Rc1 (42. b5 $16) 42... g6 $11 43. Rf1 Rf8 44. Ke2 {The position is equal.} Kg7 45. b5 gxf5 46. Rxf5 Rxf5 47. exf5 {[%mdl 4096] Endgame KRN-KRN} Rf7 48. bxa6 bxa6 49. c5 Rxf5 50. Nxc7 {[#] c6 is the strong threat.} dxc5 51. Ne6+ Kf7 52. Nxc5 e4 53. Nxe4 {Hoping for Nd6+.} Rxa5 54. Rc2 Ra3 {And now ...Re3+ would win.} 55. Kd2 Ke6 56. Rc5 Re3 57. Ng5+ {Accuracy: White = 50%, Black = 52%.} 1/2-1/2

[Event "Summer Chess Classic-C 2019"]
[Site "Saint Louis"]
[Date "2019.06.19"]
[Round "2.3"]
[White "Jacobson, Brandon"]
[Black "Gordievsky, Dmitry"]
[Result "1/2-1/2"]
[WhiteElo "2486"]
[BlackElo "2592"]
[Annotator "TA"]
[PlyCount "88"]
[EventDate "2019.06.18"]
[EventType "tourn"]
[EventCountry "USA"]
[SourceTitle "playchess.com"]
[Source "ChessBase"]
[SourceQuality "1"]

{[%evp 13,88,14,20,14,12,0,0,7,9,9,16,12,14,7,23,16,35,35,29,19,19,26,44,43,53,44,45,38,45,43,37,45,37,36,38,10,2,14,6,6,4,1,13,4,6,0,0,0,0,0,14,0,6,0,0,0,0,0,0,0,0,0,0,0,0,0,14,-16,0,0,0,0,0,0,0,0,0]} 1. e4 c5 2. Nf3 Nc6 3. Bb5 g6 4. O-O Bg7 5. Re1 e5 6. Bxc6 dxc6 7. d3 Qc7 8. Be3 {B31: Sicilian: 2...Nc6 3 Bb5 g6} (8. a3 Nf6 9. b4 O-O 10. Nbd2 Bg4 11. h3 Bxf3 12. Nxf3 cxb4 13. axb4 a5 14. bxa5 Rxa5 15. Bd2 Raa8 {½-½ (49) Caruana,F (2832)-Carlsen,M (2835) London 2018}) 8... b6 9. h3 Nf6 10. Nbd2 O-O 11. a4 a5 12. Nc4 Nd7 $146 ({Predecessor:} 12... Nh5 13. Qc1 f6 14. c3 Be6 15. b3 {1-0 (35) Baciu,A (2185)-Smokina,K (2180) Bucharest 1998}) 13. Qd2 Re8 14. Bh6 Bh8 15. Nh2 Ba6 16. Ng4 Bxc4 17. dxc4 Nf6 18. Bg5 Nh5 19. g3 f6 {[#] aiming for ...Rad8.} 20. Be3 Rad8 21. Qe2 Bg7 22. Rad1 Rxd1 23. Rxd1 Rd8 24. c3 Rxd1+ {The position is equal.} 25. Qxd1 Bf8 26. Kg2 Kf7 27. Qf3 Bd6 28. h4 Bf8 29. Kf1 Qd6 30. Kg2 Qe6 31. Qe2 Ke8 32. Nh2 Qd7 33. Nf1 Ng7 34. Nd2 Ne6 35. Nb3 Kd8 36. Nc1 Kc7 37. Nd3 Bd6 38. Qf3 f5 39. Kf1 Qf7 40. h5 Nf8 41. b3 Qe6 42. hxg6 hxg6 43. exf5 gxf5 {[#] And now ...e4 would win.} 44. Qh5 Qg6 {Accuracy: White = 59%, Black = 61%.} 1/2-1/2

[Event "Summer Chess Classic-C 2019"]
[Site "Saint Louis"]
[Date "2019.06.20"]
[Round "3.1"]
[White "Gordievsky, Dmitry"]
[Black "Chirila, Ioan-Cristian"]
[Result "1/2-1/2"]
[WhiteElo "2592"]
[BlackElo "2561"]
[Annotator "TA"]
[PlyCount "138"]
[EventDate "2019.06.18"]
[EventType "tourn"]
[EventCountry "USA"]
[SourceTitle "playchess.com"]
[Source "ChessBase"]
[SourceQuality "1"]

{[%evp 11,138,24,40,29,18,20,27,16,39,36,46,16,28,33,31,12,7,0,12,15,1,-16,22,22,28,23,38,10,18,0,14,0,13,16,12,11,29,29,24,25,19,0,49,70,89,91,98,104,94,102,101,90,241,0,0,0,0,2,2,3,1,7,6,0,0,0,0,0,0,0,0,0,0,0,0,0,0,0,0,0,0,0,0,0,0,0,0,1,42,0,0,0,33,0,0,0,0,0,0,0,0,0,0,0,0,0,0,0,0,0,0,0,0,0,0,0,0,0,0,0,0,0,0,-18,0,0,0,0,0]} 1. Nf3 Nf6 2. c4 g6 3. Nc3 d5 4. cxd5 Nxd5 5. Qb3 Nb6 6. d4 Bg7 7. Bf4 {D90: Grünfeld: 4 Nf3 Bg7 sidelines} (7. Bg5 {is more complex.} Be6 8. Qc2 h6 9. Bh4 Nc6 10. Rd1) 7... Be6 (7... O-O 8. Rd1 c6 9. e4 Bg4 10. Be2 Bxf3 11. Bxf3 Bxd4 12. Ne2 c5 13. e5 Nc6 14. e6 f5 15. h4 Qc8 16. Bxc6 Qxc6 17. Nxd4 cxd4 {1-0 (42) Maghsoodloo,P (2666)-Safarli,E (2681) Bandar e Anzali 2019}) 8. Qa3 O-O 9. e4 {White has an edge.} c6 10. h4 h6 11. Rd1 Bg4 $146 ({Predecessor:} 11... Nc4 12. Bxc4 Bxc4 13. Ne5 Ba6 14. f3 Kh7 {1-0 (33) Terreaux,G (2459)-Hofstetter,H (2387) ICCF email 2016}) 12. Be2 N8d7 13. e5 e6 14. b3 Nd5 15. Nxd5 cxd5 16. Qb4 Qc7 17. Ng1 Bxe2 18. Nxe2 Rfc8 19. Qd2 h5 20. Rc1 Qd8 21. O-O a5 (21... Qxh4 $2 22. Bg5 $18) 22. Bg5 $36 {[%mdl 2048] White fights for an advantage.} Qb6 23. Be7 Bf8 24. Bxf8 Kxf8 25. Rc3 Rxc3 26. Qxc3 Kg7 27. Rc1 a4 28. Qc7 axb3 29. axb3 Qxc7 30. Rxc7 $16 {[%mdl 4096] Endgame KRN-KRN} Ra1+ 31. Kh2 Nb8 $2 (31... Ra2 $16) 32. Ng1 $2 ({Not} 32. Rxb7 Nc6 $11) (32. Nf4 $18 Nc6 33. Nxe6+ Kg8 34. Rc8+ Kh7 35. Ng5+ {[%mdl 64] Double Attack} Kg7 36. Rc7 Nxd4 37. Rxf7+ (37. Rxb7 Kf8 $18) 37... Kg8 38. Rd7) 32... Ra7 $11 33. Nf3 {[#] aiming for Ng5.} Na6 $1 {[%cal Ra6c7]} 34. Rd7 Nb8 $1 {[%cal Rb8d7]} 35. Re7 Kf8 36. Rc7 {Strongly threatening Rc8+.} Na6 37. Rc8+ Kg7 38. Ng5 b6 39. Rc6 Rb7 40. Kg3 Nc7 41. Kf4 Nb5 42. Ke3 Na7 43. Rc1 Nb5 44. Rc8 Na7 45. Rc1 Nb5 46. Nf3 Ra7 47. Rc6 Ra2 48. Rxb6 Nc3 49. Rb7 Kg8 50. Rb8+ (50. b4 $5 {[%cal Rb4b5]}) 50... Kg7 51. Rb7 Kg8 52. Ng5 {[#] Black must now prevent f3.} Nd1+ {The position is equal.} 53. Kf4 {f3 is the strong threat.} Rxf2+ 54. Kg3 Rf1 55. b4 Nc3 56. Kh2 {Threatens to win with b5.} Ne2 57. Nf3 Rd1 58. b5 Nxd4 59. Ng5 Rb1 60. Rxf7 Rxb5 61. Rf6 Kg7 62. Rf4 Nf5 63. Nxe6+ Kf7 64. Ng5+ $1 Ke7 65. Ra4 d4 66. Ra7+ Ke8 67. e6 Re5 ({Worse is} 67... Nxh4 68. Ne4 $16) 68. Ra8+ Ke7 69. Ra7+ Ke8 {Accuracy: White = 58%, Black = 68%.} 1/2-1/2

[Event "Summer Chess Classic-C 2019"]
[Site "Saint Louis"]
[Date "2019.06.20"]
[Round "3.2"]
[White "Neiksans, Arturs"]
[Black "Jacobson, Brandon"]
[Result "1-0"]
[WhiteElo "2566"]
[BlackElo "2486"]
[Annotator "TA"]
[PlyCount "183"]
[EventDate "2019.06.18"]
[EventType "tourn"]
[EventCountry "USA"]
[SourceTitle "playchess.com"]
[Source "ChessBase"]
[SourceQuality "1"]

{[%evp 10,183,30,30,35,23,32,27,38,25,20,34,41,27,46,8,12,0,0,0,28,28,31,0,30,0,26,0,-1,-51,89,91,94,78,100,50,76,61,118,119,120,118,112,110,110,110,111,109,143,134,153,163,155,125,133,132,143,145,141,131,139,111,131,120,124,121,123,106,106,106,110,106,149,134,139,139,143,149,137,100,100,97,98,107,202,210,214,100,83,66,83,76,77,61,104,100,119,108,111,100,182,141,139,131,131,135,148,132,379,363,306,148,137,128,125,120,179,124,172,172,149,121,162,146,149,141,142,92,328,0,133,0,356,359,334,356,4678,4665,4614,73,223,73,73,73,73,73,73,73,73,73,73,73,73,73,73,73,74,74,74,73,73,73,73,73,79,79,79,73,79,73,73,73,29987,79,29988,29989]} 1. e4 c5 2. Nf3 Nc6 3. Bb5 e6 4. O-O Nge7 5. d4 cxd4 6. Nxd4 Ng6 {B30: Sicilian: 2...Nc6 3 Bb5, lines without ...g6} 7. Be2 Be7 8. c4 O-O {White has an edge.} 9. Nc3 Nxd4 10. Qxd4 b6 11. Be3 Bb7 12. Rfd1 Bc6 13. f3 $146 ({Predecessor:} 13. Qd2 Qb8 14. Bf1 {½-½ (46) Balogh,C (2632)-Rogozenco,D (2516) Germany 2013}) 13... Bf6 14. Qd2 Qe7 15. Rac1 Rad8 16. Bf1 Be5 17. Ne2 Bb7 18. f4 Bb8 $1 19. Nc3 d5 (19... f5 $1 $15 {keeps the upper hand.}) 20. exd5 $16 Rfe8 {Threatening ...exd5.} 21. Re1 exd5 22. Nxd5 Qd6 {[%cal Rb7d5]} 23. g3 Bxd5 ({Black should play} 23... Ne7 $14) 24. cxd5 Ne7 25. Bg2 Nxd5 26. Qxd5 Qxd5 27. Bxd5 Rxd5 {[#]} 28. Bxb6 $1 {[%cal Re1e8][%mdl 512]} Rf8 (28... axb6 29. Rxe8#) 29. Bc5 Rfd8 30. Be7 Re8 31. Bb4 {[%cal Re1e8]} Red8 32. Rc5 {Rxd5 is the strong threat.} R5d7 33. Ba5 Rf8 34. Rec1 f6 35. Kf1 Kf7 36. Rc8 Bd6 37. Rxf8+ Kxf8 {[%mdl 4096] Endgame KRB-KRB} 38. Rc8+ Ke7 39. Ke2 Ke6 40. Kf3 h5 41. Ke4 Re7 {White must now prevent ...Kd7+.} 42. Rh8 g6 43. Bc3 Bc5 44. Rd8 Bb6 45. Rf8 f5+ 46. Kd3 Kd5 (46... Rd7+ $16 {was called for.} 47. Kc2 Rd6) 47. Be5 $1 $18 Re6 48. Rc8 (48. b4 $1 $18) 48... Bg1 $16 49. Rc2 a6 50. Rg2 Bc5 51. Rd2 Bg1 52. Rd1 Bc5 53. Rc1 g5 54. Rc4 Bg1 (54... gxf4 $16 55. Bxf4 (55. gxf4 Rc6 $16) 55... Re4) 55. Bd4 Bxh2 56. Rc5+ Kd6 57. Rxf5 Bxg3 58. Be5+ $1 (58. fxg5 h4 $16) 58... Kd5 $2 (58... Kc6 $16) 59. Rxg5 $18 h4 60. Rh5 (60. Bb8+ $18 {is more deadly.} Kc6 61. f5) 60... Rc6 $16 61. Bd4+ Kd6 62. Ke4 Rc2 (62... Rc1 $16 63. Rh6+ Kd7) 63. Be5+ (63. Rh6+ $18 Kd7 64. Be5) 63... Ke6 64. Rh6+ Kd7 65. Kf5 Rf2 66. Kg4 a5 67. a3 Rg2 68. Kf5 Rf2 $2 (68... Rg1 $16 69. Rd6+ Ke7) 69. Kg4 (69. b4 $1 $18 {[%cal Rb4b5] and the rest is easy. aiming for b5.} axb4 70. axb4) 69... Rg2 $1 70. Kf5 $2 (70. Bf6 $16) 70... Rf2 $1 $18 71. b4 $1 {[%cal Rb4b5] Strongly threatening b5.} axb4 72. axb4 Rf1 $2 (72... Rc2 73. Rh7+ Kc8) 73. b5 Rb1 74. b6 $2 (74. Rh7+ $18 Kc8 75. Ke6) 74... h3 (74... Rb4 $16) 75. Rh7+ ({Weaker is} 75. Rxh3 Bxf4 76. Bxf4 (76. Kxf4 Rb4+ 77. Kg5 Rxb6 $14) 76... Rxb6 $14) (75. Kg4 $18 {is the precise move to win.} Bf2 76. Rxh3) 75... Kc6 $16 76. Rxh3 Bxf4 77. Bxf4 Kxb6 {KRB-KR} 78. Rc3 Kb5 79. Be5 Kb4 80. Rc8 {White threatens Rb8+ and mate.} Kb3 81. Ke4 Re1+ 82. Kd5 Rd1+ 83. Bd4 Rd2 84. Rb8+ Kc2 85. Kc4 Re2 86. Ra8 Rd2 87. Be3 {White wants to mate with Ra2+.} Re2 88. Ra3 Kd1 89. Kd3 {[%cal Ra3a1]} Rd2+ 90. Ke4 Re2 $2 {[%mdl 8192] [#]} (90... Rb2 $16) 91. Ra1+ $1 ({Not} 91. Kd3 Rd2+ 92. Kc3 Rc2+ 93. Kd3 Rd2+ $14) 91... Kc2 {[#]} 92. Kf3 $1 {Accuracy: White = 54%, Black = 49%.} 1-0

[Event "Summer Chess Classic-C 2019"]
[Site "Saint Louis"]
[Date "2019.06.20"]
[Round "3.3"]
[White "Moradiabadi, Elshan"]
[Black "Hakobyan, Aram"]
[Result "1/2-1/2"]
[WhiteElo "2548"]
[BlackElo "2559"]
[Annotator "TA"]
[PlyCount "62"]
[EventDate "2019.06.18"]
[EventType "tourn"]
[EventCountry "USA"]
[SourceTitle "playchess.com"]
[Source "ChessBase"]
[SourceQuality "1"]

{[%evp 17,62,10,34,8,14,8,30,38,45,29,37,29,35,-17,-11,-12,4,12,55,60,58,56,112,110,93,115,97,112,96,97,158,133,136,131,195,0,0,0,0,0,0,0,0,0,0,0,0]} 1. d4 Nf6 2. Nf3 e6 3. c4 d5 4. g3 Bb4+ 5. Bd2 Be7 6. Bg2 O-O 7. O-O Nbd7 8. Qc2 c6 9. Rd1 Ne4 10. a4 {E11: Bogo-Indian} (10. Bf4 g5 11. Bc1 f5 12. Nc3 Bf6 13. e3 Rf7 14. b3 b6 15. Bb2 Bb7 16. Rac1 Qe8 17. Ne2 Rc8 {½-½ (53) Caruana,F (2802)-Nakamura,H (2786) chess.com INT 2017}) 10... a5 11. Ne1 $146 ({Predecessor:} 11. Be1 f5 12. Nbd2 Bd6 13. Nxe4 fxe4 14. Ne5 Bxe5 15. dxe5 Qg5 16. f4 exf3 17. exf3 Nxe5 {½-½ (25) Teplyi,I (2386)-Hillarp Persson,T (2556) Denmark 2013}) 11... f5 12. Nd3 {White has an edge.} Bf6 13. e3 Qe7 14. Be1 b6 15. Na3 ({White should play} 15. cxd5 $14 cxd5 16. b4) 15... Bb7 $11 16. Rac1 Rac8 17. f3 Nd6 18. c5 bxc5 19. Nxc5 e5 (19... Nxc5 $14 20. Qxc5 (20. dxc5 Nf7 $14) 20... Ba6) 20. Nxd7 $16 Qxd7 21. dxe5 Bxe5 22. Bxa5 Qe6 23. Bb6 c5 (23... h5 $142) 24. f4 Bf6 25. Bxc5 {Hoping for Qb3.} d4 {[#]} (25... Ne4 $16) 26. exd4 $2 (26. Bxb7 $1 $18 Nxb7 27. exd4) 26... Bxd4+ $11 {The position is equal.} 27. Rxd4 Qe3+ 28. Kh1 Rxc5 29. Qxc5 Bxg2+ 30. Kxg2 Qe2+ 31. Kg1 Qe3+ {Accuracy: White = 67%, Black = 43%.} 1/2-1/2

[Event "Summer Chess Classic-C 2019"]
[Site "Saint Louis"]
[Date "2019.06.21"]
[Round "4.1"]
[White "Neiksans, Arturs"]
[Black "Chirila, Ioan-Cristian"]
[Result "1-0"]
[WhiteElo "2566"]
[BlackElo "2561"]
[Annotator "TA"]
[PlyCount "69"]
[EventDate "2019.06.18"]
[EventType "tourn"]
[EventCountry "USA"]
[SourceTitle "playchess.com"]
[Source "ChessBase"]
[SourceQuality "1"]

{[%evp 13,69,61,53,63,53,43,95,75,101,105,120,79,87,77,63,64,64,54,72,77,109,72,138,100,125,99,135,98,168,163,165,113,127,118,343,335,335,346,329,323,350,330,317,182,306,320,406,400,520,503,825,845,845,839,841,839,950,928]} 1. e4 c5 2. Nf3 g6 3. c4 Bg7 4. d4 Nc6 5. dxc5 Qa5+ 6. Bd2 Qxc5 7. Nc3 Nf6 8. Be2 {A40: Unusual replies to 1 d4} O-O (8... Qb6 9. O-O d6 10. h3 O-O 11. b3 Qd8 12. Rc1 b6 13. Re1 Bb7 14. Bf1 Nd7 15. Bg5 h6 {1-0 (35) Matlakov,M (2692)-Shyam,N (2429) Sharjah 2019}) 9. O-O e6 ({Black should try} 9... d6 $14) 10. Rc1 {White is better.} b6 $146 ({Predecessor:} 10... Rd8 11. h3 h6 12. a3 Qf8 13. Be3 d5 14. cxd5 exd5 15. exd5 Be6 {1-0 (28) McDonnell,J (1919)-Riding,M (1873) London 2015}) 11. Bf4 Ne8 12. a3 Qe7 13. e5 Bb7 14. Qd3 f6 15. exf6 Qxf6 16. Bg3 Rf7 17. Rfd1 h6 (17... Bh6 $142) 18. Rc2 g5 19. h3 Rd8 20. Rcd2 Qe7 (20... Qf5 $16) 21. Nb5 $18 e5 {...e4 is the strong threat.} 22. Qe3 ({Better is} 22. Nh2 $18) 22... d6 $16 23. b4 {[%cal Bb2b4,Bb4c5][%mdl 32]} Kh8 $2 {[#]} (23... a6 $16) 24. c5 $1 $18 {[%mdl 512]} bxc5 25. bxc5 d5 26. Rxd5 Rxd5 27. Rxd5 e4 28. Nd2 (28. Nd6 $142) 28... Ne5 {[#]} (28... Nd8 {might work better.}) 29. Rd4 $1 (29. Qxe4 Nf6 $11) 29... Ng6 30. Nd6 Nxd6 31. cxd6 {White is clearly winning.} ({Not} 31. Bxd6 Bxd4 32. Qxd4+ Qf6 $16) ({Less strong is} 31. Rxd6 Nf4 $18) 31... Qf6 (31... Qd8 $142 32. Nxe4 Nf4) 32. d7 Qd8 {[#]} 33. Bc7 $1 {[%mdl 512]} Rxd7 (33... Qxc7 34. d8=Q+) 34. Bxd8 Rxd4 35. Ba5 {Accuracy: White = 77%, Black = 33%.} 1-0